Statystyki dla Marszałkowie Sejmu Rzeczypospolitej Polskiej

Kliknij tutaj aby rozwiązać quiz!

Ogólne statystyki

  • Ten quiz został rozwiązany 400 razy
  • Średni wynik to 8 z 17

Statystyki odpowiedzi

KlubOkres pełnienia funkcjiMarszałek Sejmu% Poprawnych
PiS09.08.2019 -Elżbieta Witek
95%
PO05.11.2007 - 08.07.2010Bronisław Komorowski
80%
PO08.11.2011 - 22.09.2014Ewa Kopacz
75%
PiS12.11.2015 - 09.08.2019Marek Kuchciński
69%
PO24.09.2014 - 23.06.2015Radosław Sikorski
64%
PO08.07.2010 - 07.11.2011Grzegorz Schetyna
63%
PO25.06.2015 - 11.11.2015Małgorzata Kidawa-Błońska
58%
SLD14.10.1993 - 03.03.1995Józef Oleksy
46%
SLD21.04.2004 - 05.01.2005Józef Oleksy
46%
SLD05.01.2005 - 18.10.2005Włodzimierz Cimoszewicz
38%
PiS27.04.2007 - 05.11.2007Ludwik Dorn
36%
PSL03.03.1995 - 20.10.1997Józef Zych
35%
PiS / niezrzeszony26.10.2005 - 27.04.2007Marek Jurek
32%
SLD / niezrzeszony / SDPL19.10.2001 - 20.04.2004Marek Borowski
27%
AWS / niezrzeszony20.10.1997 - 18.10.2001Maciej Płażyński
21%
ZChN25.11.1991 - 14.10.1993Wiesław Chrzanowski
20%
PSL "Odrodzenie" / PSL04.07.1989 - 25.11.1991Mikołaj Kozakiewicz
18%

Rozkład punktacji

Percentyl według liczby udzielonych odpowiedzi

Procent ludzi z każdym wynikiem

Twoja historia wyników

Nie rozwiązałeś tego quizu